Možnosti financovania investícií vo vybranom podniku bakalárska práca

Na minha lista:
Detalhes bibliográficos
Autor principal: Livora, Martin
Autor Corporativo: Národohospodárska fakulta EU. Katedra financií
Outros Autores: Jančovičová Bognárová, Kristína, 1979-
Formato: Livro
Idioma:eslovaco
Publicado em: Bratislava 2018
Tags: Adicionar Tag
Sem tags, seja o primeiro a adicionar uma tag!

MARC

LEADER 00000nbm a2200000 4500
001 0245942
005 20181213145700.6
041 0 |a slo 
044 |a SK 
245 1 0 |a Možnosti financovania investícií vo vybranom podniku  |b bakalárska práca  |c Martin Livora ; školiteľ: Kristína Jančovičová Bognárová 
264 1 |a Bratislava  |c 2018 
300 |a 40 s. 
100 1 |a Livora, Martin 
700 1 |a Jančovičová Bognárová, Kristína, 1979- 
710 2 |a Národohospodárska fakulta EU. Katedra financií